000 00898nam a2200277Ia 4500
003 OSt
005 20220924123531.0
006 a|||||r|||| 00| 0
007 ta
008 220923b |||||||| |||| 00| 0 pur d
020 _cINR 150.00
024 _a354442
037 _bTB5005, 29/12/2021, Technical Bureau India Pvt. Ltd.
_cTextual
040 _aARTS
_cARTS
_bpur
041 _2pur
_apur
082 _aO164,1M76,1, 168L2;P9
100 _aIqbal Allama Au.
_9171387
245 0 _aArmughan-e-hijaz
260 _aNew Delhi
_b Ateqad pub. house India
_c2009
300 _a384p.
_ccm.
650 _a PERSIAN POETRY
650 _aIQBAL
700 _a Chishti Yousuf Salim Au.
_9193093
942 _hO164,1M76,1, 168L2;P9
_cTEXL
_2CC
999 _c416161
_d416161